Spanische Verben - Statistiken

Allgemein
  • Dieses Quiz wurde 662 mal gespielt
  • Das Durchschnittsergebnis liegt bei 10 aus 14
Antwortstatistiken
Spanisch Deutsch % Korrekt
hablar sprechen
98%
cocinar kochen
94%
comer essen
85%
ser sein
85%
bailar tanzen
85%
beber trinken
85%
ir gehen
84%
leer lesen
84%
ver sehen
79%
pintar malen
76%
tomar nehmen
67%
tocar spielen
45%
montar reiten
22%
charlar unterhalten
19%
Keine übereinstimmenden Quizze gefunden
Verteilung der Resultate
Anzahl Personen mit jedem Resultat
Perzentil nach korrekt beantworteten Fragen
Ihre Resultats-Entwicklung
Sie haben dieses Quiz noch nicht gespielt